000 01155nam0a22002891 4500
001 rc\4570501
005 20250611195816.0
035 _a(NLR Aleph) 008374062
090 _a9076143
_c9076143
100 _a20130416d1962 |||y0rusy50 ca
101 1 _arus
_ceng
102 _aRU
105 _aa z |||||
200 1 _aО нормах облучения и вредном воздействии излучения в диапазоне сверхвысоких радиочастот
_fГос. ком. Совета Министров СССР по радиоэлектронике
210 _aМосква
_cБ. и.
_d1962
215 _a72 с.
_cил.
_d20
225 1 _aИностранная радиоэлектронная техника и промышленность
_vП-13458
300 _aНа обл. авт. не указан
300 _aПер. из "Proceedings of the IRF", 1961, № 2
320 _aБиблиогр.: с. 65-72
333 _aПродаже не подлежит
700 1 _aМамфорд
_bУ.
801 0 _aRU
_bNLR
_gpsbo
801 1 _aRU
_bELAR
_2rusmarc
852 _aNLR
_j62-4/10360
942 _cBOOK
980 _aNB